00584pab a2200133 454500008004000000100002300040245002900063260000900092300001300101362000800114520029300122650001700415773001800432180718b2009 xxu||||| |||| 00| 0 eng d aBhoosreddy, Sanjay aDeveloping future cities c2009 ap.36-46. aDec aUrbanization is spreading rapidly and the issues and problems related to it are very different from those in administration of rural areas. This article explores the various problems afflicting our rapidly growing urban areas and examines the possible solutions to the same. - Reproduced. aUrbanization aAdministrator